Avatar /

Detalles Bibliográficos
Autor principal: Gautier, Théophile, 1811-1872 (Autor)
Otros Autores: Gandía, Pedro, 1953- (Traductor, contributor agent of text.)
Formato: Electrónico eBook
Lenguaje:español
Publicado: Barcelona : Editorial Calambur, 2025.
Edición:Primera edición.
Colección:Calambur. Narrativa ; 73.
Materias:
Acceso en línea:Digitalia Hispánica

MARC

LEADER 00000nam a2200000Ii 4500
001 DIGCALAM306
003 NyNyDIG
006 m o d
007 cr |||||||||||
008 250414s2025 sp o 000 f spa d
035 |a (OCoLC)1517261172 
040 |a DGITA  |b eng  |e rda  |e pn  |c DGITA 
020 |z 9788483595961 
050 1 4 |a PQ2258 ebook 
100 1 |a Gautier, Théophile,  |d 1811-1872,  |e author. 
245 1 0 |a Avatar /  |c Théophile Gautier ; traducción, prólogo y notas de Pedro Gandía. 
250 |a Primera edición. 
264 1 |a Barcelona :  |b Editorial Calambur,  |c 2025. 
300 |a 1 online resource. 
336 |a text  |b txt  |2 rdacontent 
337 |a computer  |b c  |2 rdamedia 
338 |a online resource  |b cr  |2 rdacarrier 
347 |a text file  |2 rdaft 
347 |b PDF 
490 1 |a Calambur. Narrativa ;  |v 73 
588 0 |a Online resource; title from PDF title page (Digitalia, viewed April 14, 2025) 
655 7 |a Fiction.  |2 lcgft 
700 1 |a Gandía, Pedro,  |d 1953-  |e translator,  |e contributor agent of text. 
776 0 8 |i Print version:  |a Gautier, Théophile, 1811-1872.  |t Avatar.  |b Primera edición.  |d Barcelona : Editorial Calambur, 2025  |z 9788483595961 
791 2 |a Digitalia (Firm),  |e distributor. 
793 0 |g Digitalia eBook Collection:  |a Editorial Calambur 
830 0 |a Calambur.  |p Narrativa ;  |v 73. 
856 4 0 |3 Digitalia Hispánica  |u https://www.digitaliapublishing.com/a/171364/ 
910 |a Premium collection: 2025